000 00249nam a22001097a 4500
008 170126b xxu||||| |||| 00| 0 eng d
020 _a9780072555509
041 _aeng
080 _24TH
_a61
245 _aHEALTH EDUCATION
_cTELLJOHANN
942 _2udc
_cBK
999 _c3755
_d3755